000 00797nam a2200241Ia 4500
003 OSt
005 20220923215113.0
006 a|||||r|||| 00| 0
007 ta
008 220922b |||||||| |||| 00| 0 hin d
024 _a175,611
037 _cTextual
040 _aARTS
_cARTS
_bhin
041 _2hin
_ahin
082 _aO152,1x, N3
100 _aचतुर्वेदी, जगदीश, संपा.
245 0 _aसार्थक कविता की तलाश
246 _aSārthak kavitā kī talāsha
260 _aनई दिल्ली
_b प्रवीण प्रकाशन
_c1993
300 _a136 पृ.
_ccm.
942 _hO152,1x, N3
_cTEXL
_2CC
999 _c329315
_d329315